Tour de France 2023 - Teamwertung - Statistiken

Allgemein
  • Dieses Quiz wurde 58 mal gespielt
  • Das Durchschnittsergebnis liegt bei 11 aus 22
Antwortstatistiken
# Team Zeit % Korrekt
2 UAE Team Emirates +13:49m
100%
1 Team Jumbo-Visma 247:19:41h
95%
3 Ineos Grenadiers +27:38m
88%
7 BORA-hansgrohe +2:05:08h
84%
14 Lidl-Trek +6:05:08h
63%
11 Cofidis +5:06:43h
58%
4 Bahrain Victorious +28:37m
53%
15 Uno-X Pro Cycling Team +6:22:08h
53%
19 EF Education-EasyPost +8:06:24h
51%
20 Soudal-Quick Step +9:16:20h
47%
13 Team DSM +5:56:36h
47%
18 Astana Qazaqstan Team +7:15:34h
44%
9 Israel-Premier Tech +4:33:49h
44%
10 Movistar Team +4:37:33h
44%
5 Groupama-FDJ +57:20m
40%
8 Team Jayco-AlUla +3:21:33h
40%
22 Alpecin-Deceuninck +10:51:58h
37%
17 TotalEnergies +7:13:29h
37%
21 Lotto-Dstny +9:43:47
35%
16 Intermarché-Circus-Wanty +6:57:01h
28%
12 Team Arkéa-Samsic +5:12:45h
26%
6 AG2R Citroën Team +1:51:00h
19%
Keine übereinstimmenden Quizze gefunden
Verteilung der Resultate
Anzahl Personen mit jedem Resultat
Perzentil nach korrekt beantworteten Fragen
Ihre Resultats-Entwicklung
Sie haben dieses Quiz noch nicht gespielt